Disjecta : (Record no. 22)

MARC details
000 -LEADER
fixed length control field 00797cam a2200253 a 4500
001 - CONTROL NUMBER
control field 3300810
005 - DATE AND TIME OF LATEST TRANSACTION
control field 20200421093816.0
008 - FIXED-LENGTH DATA ELEMENTS--GENERAL INFORMATION
fixed length control field 840329s1983 enka 000 0 eng
010 ## - LIBRARY OF CONGRESS CONTROL NUMBER
LC control number 83126616
020 ## - INTERNATIONAL STANDARD BOOK NUMBER
International Standard Book Number 0714539740 :
Terms of availability £8.95
020 ## - INTERNATIONAL STANDARD BOOK NUMBER
International Standard Book Number 0714540161 (pbk.)
040 ## - CATALOGING SOURCE
Original cataloging agency DLC
Transcribing agency DLC
Modifying agency DLC
041 0# - LANGUAGE CODE
Language code of text/sound track or separate title engfreger
050 00 - LIBRARY OF CONGRESS CALL NUMBER
Classification number PR6003.E282
Item number D5 1983
082 00 - DEWEY DECIMAL CLASSIFICATION NUMBER
Classification number 844/.914
Edition information 19
100 1# - MAIN ENTRY--PERSONAL NAME
Personal name Beckett, Samuel,
Dates associated with a name 1906-1989.
245 10 - TITLE STATEMENT
Title Disjecta :
Remainder of title miscellaneous writings and a dramatic fragment /
Statement of responsibility, etc. by Samuel Beckett ; edited with a foreword by Ruby Cohn.
260 ## - PUBLICATION, DISTRIBUTION, ETC.
Place of publication, distribution, etc. London :
Name of publisher, distributor, etc. J. Calder,
Date of publication, distribution, etc. 1983.
300 ## - PHYSICAL DESCRIPTION
Extent 178 p. :
Other physical details ill. ;
Dimensions 21 cm.
500 ## - GENERAL NOTE
General note English, French, and German.
700 1# - ADDED ENTRY--PERSONAL NAME
Personal name Cohn, Ruby.
9 (RLIN) 234
906 ## - LOCAL DATA ELEMENT F, LDF (RLIN)
a 7
b cbc
c orignew
d 2
e ncip
f 19
g y-gencatlg
942 ## - ADDED ENTRY ELEMENTS (KOHA)
Source of classification or shelving scheme Dewey Decimal Classification
Koha item type Books
Holdings
Withdrawn status Lost status Damaged status Not for loan Collection Home library Current library Shelving location Date acquired Barcode Date last seen Price effective from Koha item type
        Reference Centerville Centerville General stacks 09/04/2014 39999000000931 09/04/2014 09/04/2014 Books
        Reference Centerville Centerville General stacks 09/04/2014 39999000000955 09/04/2014 09/04/2014 Books
        Reference Fairview Fairview General stacks 09/04/2014 39999000000917 09/04/2014 09/04/2014 Books
        Reference Midway Midway General stacks 09/04/2014 39999000000894 09/04/2014 09/04/2014 Books